Zákon o požiarnej ochrane a súvisiace predpisy

Gespeichert in:
Bibliographische Detailangaben
1. Verfasser: Sobihard, Jozef
Format: Buch
Sprache:Slowakisch
Veröffentlicht: Bratislava Práca 1989
Ausgabe:1. vyd.
Tags: Tag hinzufügen
Keine Tags, Fügen Sie das erste Tag hinzu!

MARC

LEADER 00000nam a2200000 4500
001 c028805
005 20221215071957.4
041 0 |a slo 
044 |a SK 
245 1 0 |a Zákon o požiarnej ochrane a súvisiace predpisy  |c Jozef Sobihard 
250 |a 1. vyd. 
264 1 |a Bratislava  |b Práca  |c 1989 
300 |a 246 s. 
100 1 |a Sobihard, Jozef